000 00673nam a2200169Ia 4500
008 180921t2018 xxu||||| |||| 00| 0 sin d
041 _asin
080 _a82-9
_bප්‍රතිභා
100 _a කුලතිලක කුමාරසිංහ සහ වෙනත් අය
_ecom.
245 _aප්‍රතිභා (මහාචාර්ය ආනන්ද විජේරත්න උපහාර කලාපය)
246 _aPrathibha (mahacharya Ananda Wijerathna upahara kalapaya)
260 _bගොඩගේ
_aකොළඹ
_c2018
300 _bපි.327, සෙ.මී.21
942 _cBK
999 _c6970
_d6970
003 LK-CoDNM
040 _aLK-CoDNM
_dLK-CoDNM
_eLK-CoDNM